[Event "Rhein Main op-A 24th"]
[Site "Bad Homburg"]
[Date "2022.06.18"]
[Round "5"]
[White "Hilbenz, Guntram"]
[Black "Reuter, Maximilian"]
[Result "1/2-1/2"]
[WhiteElo "1811"]
[BlackElo "1880"]
[PlyCount "97"]
[EventDate "2022.06.15"]
[EventType "swiss"]
[EventRounds "7"]
[EventCountry "GER"]
[SourceTitle "EXT 2023"]
[Source "ChessBase"]
[SourceDate "2022.10.05"]
[SourceVersion "1"]
[SourceVersionDate "2022.10.05"]
[SourceQuality "1"]

1. c4 f5 2. Nf3 Nf6 3. Nc3 d6 4. g3 e5 5. d3 Be7 6. Bg2 0-0 7. 0-0 Qe8 8. e3 a5 9. a3 Kh8 10. Rb1 a4 11. Ne1 Bd7 12. Bxb7 Ra7 13. Bg2 Bc6 14. f4 g6 15. Nf3 Nbd7 16. b4 axb3 17. Rxb3 Nc5 18. Rb1 e4 19. Nd4 Ba8 20. Ncb5 Rb7 21. dxe4 Nfxe4 22. Bb2 Bf6 23. Qc2 Qd7 24. Nc3 Rbb8 25. Nxe4 Nxe4 26. Nb5 c6 27. Bxe4 fxe4 28. Bxf6+ Rxf6 29. Nc3 Re8 30. c5 d5 31. Ne2 Rf7 32. Rb6 Qa7 33. Qb2+ Kg8 34. Rb1 Qa5 35. Qb4 Ra7 36. Rb3 Qxb4 37. R6xb4 Ra5 38. Nd4 Kf7 39. Rc3 Ke7 40. a4 Kd7 41. Nb3 Ra7 42. a5 Bb7 43. Rc1 Ba6 44. Ra1 Rea8 45. Nd4 Bb5 46. Nb3 Bc4 47. Nd4 Bb5 48. Nb3 Bc4 49. Nd4 1/2-1/2

[Event "Rhein Main op-A 24th"]
[Site "Bad Homburg"]
[Date "2022.06.16"]
[Round "2"]
[White "Reuter, Maximilian"]
[Black "Schmid, Roland1111"]
[Result "0-1"]
[WhiteElo "1880"]
[BlackElo "2265"]
[PlyCount "108"]
[EventDate "2022.06.15"]
[EventType "swiss"]
[EventRounds "7"]
[EventCountry "GER"]
[SourceTitle "EXT 2023"]
[Source "ChessBase"]
[SourceDate "2022.10.05"]
[SourceVersion "1"]
[SourceVersionDate "2022.10.05"]
[SourceQuality "1"]

1. d4 d5 2. Bf4 Nf6 3. e3 c5 4. Nf3 Nc6 5. Nbd2 cxd4 6. exd4 Qb6 7. Nb3 Bg4 8. c3 e6 9. a4 Bxf3 10. gxf3 a6 11. Bd3 Nh5 12. Bg3 Be7 13. a5 Qd8 14. f4 g6 15. Nc5 Bxc5 16. dxc5 Qe7 17. b4 Qf6 18. Qc1 0-0 19. Rb1 e5 20. fxe5 Qf3 21. Kd2 Nf4 22. Bxf4 Qxf4+ 23. Kc2 Qxf2+ 24. Qd2 Qh4 25. Rbe1 Rae8 26. Re3 Rxe5 27. Rxe5 Nxe5 28. Qe1 Qf6 29. Rf1 Nxd3 30. Kxd3 Qc6 31. Kc2 Re8 32. Qf2 Qe6 33. Qf6 Qd7 34. Rf2 Re6 35. Qf4 Re4 36. Qb8+ Kg7 37. Kb3 f5 38. Rd2 Qf7 39. Qd8 f4 40. Qxd5 Qxd5+ 41. Rxd5 f3 42. Rd1 g5 43. c4 Re3+ 44. Kc2 Re2+ 45. Kd3 Rxh2 46. b5 Re2 47. Rb1 Re7 48. c6 bxc6 49. bxa6 Kf6 50. Rb8 g4 51. Ra8 Kg5 52. a7 Kh4 53. Rc8 Rxa7 54. Ke3 Kg3 0-1

[Event "Reinstorf Blitz op"]
[Site "Reinstorf"]
[Date "2022.02.04"]
[Round "2"]
[White "Reuter, Maximilian"]
[Black "Chitsazian, Daniel"]
[Result "0-1"]
[WhiteElo "1933"]
[BlackElo "1594"]
[PlyCount "55"]
[EventDate "2022.01.29"]
[EventType "swiss (blitz)"]
[EventRounds "9"]
[EventCountry "GER"]
[SourceTitle "CBM 206 Extra"]
[Source "ChessBase"]
[SourceDate "2022.03.31"]
[SourceVersion "1"]
[SourceVersionDate "2022.03.31"]
[SourceQuality "1"]

1. d4 f5 2. Bf4 Nf6 3. e3 g6 4. h4 h6 5. Nc3 Bg7 6. Qf3 d6 7. Qg3 Kf7 8. Bc4+ e6 9. Nf3 Nh5 10. Qh2 Nc6 11. 0-0-0 Na5 12. Be2 a6 13. e4 b5 14. exf5 exf5 15. Nd5 Be6 16. Ne3 Bxa2 17. g4 fxg4 18. Nxg4 Bc4 19. Rhe1 Qd7 20. Ne3 Bxe2 21. Rxe2 Nc4 22. Nxc4 bxc4 23. Rde1 Rhe8 24. Nd2 Rxe2 25. Rxe2 Qg4 26. f3 Qxf4 27. Qh3 Qf5 28. Qg2 0-1

[Event "Reinstorf op"]
[Site "Reinstorf"]
[Date "2022.02.04"]
[Round "7"]
[White "Reuter, Maximilian"]
[Black "Reichmann, Felix"]
[Result "0-1"]
[WhiteElo "1933"]
[BlackElo "1807"]
[PlyCount "148"]
[EventDate "2022.01.29"]
[EventType "swiss"]
[EventRounds "9"]
[EventCountry "GER"]
[SourceTitle "CBM 206 Extra"]
[Source "ChessBase"]
[SourceDate "2022.03.31"]
[SourceVersion "1"]
[SourceVersionDate "2022.03.31"]
[SourceQuality "1"]

1. e4 c5 2. Be2 Nc6 3. d3 e6 4. f4 d5 5. Nf3 Bd6 6. 0-0 f6 7. c3 Nge7 8. a3 b6 9. b4 a6 10. Be3 Ng6 11. Ne1 Qc7 12. Bh5 Nce7 13. Qf3 0-0 14. Nd2 d4 15. cxd4 cxd4 16. Bxd4 Bxf4 17. Nc4 Bxh2+ 18. Kh1 Ne5 19. Bxb6 Qb8 20. Nxe5 Bxe5 21. d4 Qxb6 22. dxe5 Qd4 23. Rd1 Qxe5 24. Nd3 Qg5 25. Bg4 Ng6 26. e5 Rb8 27. exf6 gxf6 28. Qe2 f5 29. Bf3 Rf6 30. Nc5 Nf4 31. Rd8+ Kf7 32. Qd2 Rh6+ 33. Kg1 Nh3+ 34. Kh1 Nf4+ 35. Kg1 Nh3+ 36. Kh1 Qxd2 37. Rxd2 Ng5+ 38. Kg1 Nxf3+ 39. Rxf3 a5 40. Rd8 axb4 41. axb4 Rh4 42. Ra3 Ke7 43. Rh8 Rhxb4 44. Rxh7+ Kd6 45. Nd3 Rb1+ 46. Kf2 R8b3 47. Rxb3 Rxb3 48. Nc5 Rb5 49. Nd3 Bb7 50. Rh6 Bd5 51. Nf4 Rb2+ 52. Ke3 Ba2 53. g3 Rb3+ 54. Kf2 Rc3 55. Ne2 Rc2 56. Ke3 Ke5 57. Nf4 Bc4 58. Ng6+ Kd6 59. Nf4 Rc1 60. Rg6 Re1+ 61. Kf2 Re4 62. Rh6 Kc5 63. Kf3 Kd4 64. Ng2 Bd5 65. Nf4 Re3+ 66. Kf2 Rf3+ 67. Ke2 Rxg3 68. Nxe6+ Ke5 69. Nc5 Rg2+ 70. Kf1 Rc2 71. Nd7+ Kf4 72. Nf6 Bg2+ 73. Kg1 Kf3 74. Kh2 Rc1 0-1

[Event "DSOL 03 Liga Gr-C 1st"]
[Site "Playchess.com INT"]
[Date "2020.08.05"]
[Round "7.1"]
[White "Korten, Lando"]
[Black "Reuter, Maximilian"]
[Result "1-0"]
[WhiteElo "2153"]
[BlackElo "1892"]
[PlyCount "91"]
[EventDate "2020.06.22"]
[EventType "team-tourn (rapid)"]
[EventCountry "GER"]
[SourceTitle "EXT 2021"]
[Source "ChessBase"]
[SourceDate "2020.10.23"]
[SourceVersion "1"]
[SourceVersionDate "2020.10.23"]
[SourceQuality "1"]
[WhiteTeam "Unna SV"]
[BlackTeam "Blankenese"]
[WhiteTeamCountry "GER"]
[BlackTeamCountry "GER"]

1. d4 e6 2. c4 f5 3. Nc3 Nf6 4. f3 Bb4 5. Bd2 c5 6. a3 cxd4 7. axb4 dxc3 8. Bxc3 0-0 9. Qd6 Nc6 10. b5 Qe7 11. Bb4 Qxd6 12. Bxd6 Nd4 13. 0-0-0 Nb3+ 14. Kc2 Na5 15. e3 b6 16. Bxf8 Kxf8 17. Nh3 d5 18. b3 a6 19. bxa6 Bxa6 20. Nf4 dxc4 21. b4 Nc6 22. Kc3 Rc8 23. Nxe6+ Kf7 24. Nf4 Na7 25. Nd5 Nb5+ 26. Kc2 Nxd5 27. Rxd5 Re8 28. Rxf5+ Kg6 29. Rf4 Rxe3 30. Kd2 Rb3 31. Rxc4 Rb2+ 32. Ke3 Kf7 33. Rc6 Rb3+ 34. Kf2 Rxb4 35. Rxb6 Rb2+ 36. Kg3 Nc7 37. Rxb2 Be2 38. Rb7 Bxf1 39. Rxc7+ Kg6 40. Rxf1 h5 41. Rd1 h4+ 42. Kg4 h3 43. Rd6+ Kh7 44. gxh3 Kh8 45. Kg5 g6 46. h4 1-0

[Event "DSOL 03 Liga Gr-C 1st"]
[Site "Playchess.com INT"]
[Date "2020.07.22"]
[Round "5.1"]
[White "Kalthoff, Peter"]
[Black "Reuter, Maximilian"]
[Result "0-1"]
[WhiteElo "2013"]
[BlackElo "1892"]
[PlyCount "92"]
[EventDate "2020.06.22"]
[EventType "team-tourn (rapid)"]
[EventCountry "GER"]
[SourceTitle "EXT 2021"]
[Source "ChessBase"]
[SourceDate "2020.10.23"]
[SourceVersion "1"]
[SourceVersionDate "2020.10.23"]
[SourceQuality "1"]
[WhiteTeam "Geseke"]
[BlackTeam "Blankenese"]
[WhiteTeamCountry "GER"]
[BlackTeamCountry "GER"]

1. d4 e6 2. Nf3 f5 3. Bg5 Nf6 4. Nbd2 Be7 5. e3 0-0 6. Bc4 d5 7. Be2 Nbd7 8. 0-0 Qe8 9. Bf4 c5 10. c4 b6 11. a4 Bb7 12. a5 Nh5 13. Be5 f4 14. a6 Bc6 15. Qc2 fxe3 16. fxe3 Rc8 17. Rf2 Nxe5 18. Nxe5 Rxf2 19. Kxf2 Ba8 20. Qb3 cxd4 21. exd4 Nf4 22. Bf3 dxc4 23. Ndxc4 Bxf3 24. Nxf3 Qg6 25. g3 Qd3 26. Qc3 Rxc4 27. Qxd3 Nxd3+ 28. Ke3 Nxb2 29. Ne5 Bg5+ 30. Ke4 Rc2 31. h4 Bf6 32. Nd7 Rc6 33. d5 Rc4+ 34. Kf3 exd5 35. Ra2 Rc3+ 36. Kg4 Nc4 37. Re2 Re3 38. Rxe3 Nxe3+ 39. Kf3 Nc4 40. Nb8 Na5 41. Ke3 Kf7 42. Nd7 Bd8 43. Kd4 Ke6 44. Nf8+ Kd6 45. Nxh7 Nc6+ 46. Kc3 Nb8 0-1

[Event "DSOL 03 Liga Gr-C 1st"]
[Site "Playchess.com INT"]
[Date "2020.07.13"]
[Round "4.1"]
[White "Reuter, Maximilian"]
[Black "Lamby, Philipp"]
[Result "1-0"]
[WhiteElo "1892"]
[BlackElo "2137"]
[PlyCount "77"]
[EventDate "2020.06.22"]
[EventType "team-tourn (rapid)"]
[EventCountry "GER"]
[SourceTitle "EXT 2021"]
[Source "ChessBase"]
[SourceDate "2020.10.23"]
[SourceVersion "1"]
[SourceVersionDate "2020.10.23"]
[SourceQuality "1"]
[WhiteTeam "Blankenese"]
[BlackTeam "Aachen"]
[WhiteTeamCountry "GER"]
[BlackTeamCountry "GER"]

1. b3 e5 2. Bb2 Nc6 3. e3 Nf6 4. Bb5 Bd6 5. Na3 Na5 6. Be2 a6 7. c4 c5 8. Nc2 Nc6 9. d3 Bc7 10. Nf3 d5 11. cxd5 Ba5+ 12. b4 Nxb4 13. 0-0 Nbxd5 14. Bxe5 Nc3 15. Bxc3 Bxc3 16. Rc1 b5 17. d4 c4 18. Ne5 Bb7 19. Ne1 Ba5 20. Bf3 Bxf3 21. Qxf3 Qd5 22. Qh3 0-0 23. N1f3 Rfc8 24. Ng5 Rc7 25. e4 Qxd4 26. Ng4 h6 27. Rfd1 Qb6 28. Nxh6+ gxh6 29. Qxh6 Qxf2+ 30. Kh1 Bd2 31. Rf1 Qe3 32. h4 Bxc1 33. Qxf6 Bb2 34. Qxb2 c3 35. Qb3 Rc4 36. Qd1 f6 37. Qd5+ Kh8 38. Qxa8+ Kg7 39. Qb7+ 1-0

[Event "DSOL 03 Liga Gr-C 1st"]
[Site "Playchess.com INT"]
[Date "2020.06.24"]
[Round "1.1"]
[White "Reuter, Maximilian"]
[Black "Schlangenotto, Niklas"]
[Result "1/2-1/2"]
[WhiteElo "1892"]
[BlackElo "1954"]
[PlyCount "74"]
[EventDate "2020.06.22"]
[EventType "team-tourn (rapid)"]
[EventCountry "GER"]
[SourceTitle "EXT 2021"]
[Source "ChessBase"]
[SourceDate "2020.10.23"]
[SourceVersion "1"]
[SourceVersionDate "2020.10.23"]
[SourceQuality "1"]
[WhiteTeam "Blankenese"]
[BlackTeam "Paderborn Blauer Springer"]
[WhiteTeamCountry "GER"]
[BlackTeamCountry "GER"]

1. b3 d5 2. Bb2 c5 3. e3 Nc6 4. Bb5 e6 5. Nf3 Nf6 6. Bxc6+ bxc6 7. d3 Bd6 8. c4 0-0 9. Nc3 e5 10. e4 d4 11. Ne2 Nh5 12. Bc1 f5 13. exf5 Bxf5 14. Ng5 Nf4 15. Nxf4 Qxg5 16. h4 Qe7 17. Ne2 e4 18. Bg5 Qf7 19. 0-0 h6 20. Bf4 Be7 21. dxe4 Bxe4 22. Bg3 Qg6 23. f3 Bd3 24. Re1 Bxe2 25. Qxe2 Qxg3 26. Qxe7 Rxf3 27. Rf1 Re3 28. Qxc5 Qxh4 29. Qxc6 Rae8 30. Rad1 Kh8 31. Qd6 Re1 32. Rdxe1 Rxe1 33. Qf8+ Kh7 34. Qf5+ Kh8 35. Qf8+ Kh7 36. Qf5+ Kg8 37. Qf8+ Kh7 1/2-1/2

[Event "Blankenese op 3rd"]
[Site "Hamburg"]
[Date "2019.10.05"]
[Round "6"]
[White "Reuter, Maximilian"]
[Black "Sommer, Justus"]
[Result "1-0"]
[WhiteElo "1907"]
[BlackElo "1773"]
[PlyCount "85"]
[EventDate "2019.10.03"]
[EventType "swiss"]
[EventRounds "7"]
[EventCountry "GER"]
[SourceTitle "EXT 2023"]
[Source "ChessBase"]
[SourceDate "2022.10.05"]
[SourceVersion "1"]
[SourceVersionDate "2022.10.05"]
[SourceQuality "1"]

1. d4 d5 2. Bf4 c5 3. e3 Nc6 4. c3 Bf5 5. Qb3 Qb6 6. dxc5 Qxb3 7. axb3 e5 8. Bg3 Bxc5 9. b4 Bd6 10. Nf3 f6 11. Nbd2 Nge7 12. b5 Nd8 13. Nd4 Nf7 14. Nxf5 Nxf5 15. e4 Ne7 16. exd5 Nxd5 17. Ne4 Nb6 18. Nxd6+ Nxd6 19. Bd3 0-0 20. b3 Rfd8 21. Ke2 Nd5 22. Rhc1 b6 23. f3 Nc7 24. c4 Ne6 25. Bc2 Nd4+ 26. Kf1 Rd7 27. Bf2 Nxc2 28. Rxc2 Nf5 29. Bxb6 Kf7 30. Bf2 Rd3 31. Rca2 Rxb3 32. Rxa7+ Rxa7 33. Rxa7+ Kg6 34. b6 Rb1+ 35. Ke2 Rb2+ 36. Ke1 Rb1+ 37. Kd2 Rb2+ 38. Kc3 Rxf2 39. b7 Nd4 40. b8Q Ne2+ 41. Kb4 Nd4 42. Qe8+ Kh6 43. g4 1-0

[Event "Blankenese op 3rd"]
[Site "Hamburg"]
[Date "2019.10.04"]
[Round "4"]
[White "Reuter, Maximilian"]
[Black "Schilling, Volker"]
[Result "0-1"]
[WhiteElo "1907"]
[BlackElo "1751"]
[PlyCount "32"]
[EventDate "2019.10.03"]
[EventType "swiss"]
[EventRounds "7"]
[EventCountry "GER"]
[SourceTitle "EXT 2023"]
[Source "ChessBase"]
[SourceDate "2022.10.05"]
[SourceVersion "1"]
[SourceVersionDate "2022.10.05"]
[SourceQuality "1"]

1. d4 f5 2. h3 d5 3. g4 fxg4 4. hxg4 Bxg4 5. Qd3 g6 6. Rxh7 Bf5 7. Qb5+ c6 8. Qxb7 Rxh7 9. Qxa8 Qb6 10. Nf3 Bxc2 11. Ne5 e6 12. Nxc6 Rb7 13. Bf4 Qxc6 14. Bxb8 Qc8 15. Bh3 Bf5 16. Bxf5 Qc1# 0-1

[Event "Blankenese op 2nd"]
[Site "Hamburg"]
[Date "2018.10.02"]
[Round "6.19"]
[White "Garner, Isaac"]
[Black "Reuter, Maximilian"]
[Result "1/2-1/2"]
[WhiteElo "1837"]
[BlackElo "1852"]
[PlyCount "76"]
[EventDate "2018.09.29"]
[EventType "swiss"]
[EventRounds "7"]
[EventCountry "GER"]
[SourceTitle "EXT 2020"]
[Source "ChessBase"]
[SourceDate "2019.10.17"]
[SourceVersion "1"]
[SourceVersionDate "2019.10.17"]
[SourceQuality "1"]

1. e4 d5 2. exd5 Nf6 3. d4 Bg4 4. Bb5+ Nbd7 5. Be2 Bxe2 6. Nxe2 Nxd5 7. 0-0 e6 8. c4 N5f6 9. Nbc3 Nb6 10. Be3 Be7 11. Qb3 a5 12. c5 Nbd5 13. Qxb7 0-0 14. Nxd5 Nxd5 15. Qb3 Qd7 16. Nc3 Rfb8 17. Qc2 Nb4 18. Qd2 Rd8 19. Rfd1 Qc8 20. Qe2 Rb8 21. a3 Nd5 22. Nxd5 Rxd5 23. Rab1 Rb3 24. Qc4 Qb7 25. Bd2 Rxb2 26. Rxb2 Qxb2 27. Bc3 Qc2 28. Re1 h5 29. Re2 Qd1+ 30. Re1 Qc2 31. Re2 Qd1+ 32. Re1 Qg4 33. f3 Qf4 34. Re4 Qc1+ 35. Re1 Qc2 36. Re2 Qc1+ 37. Re1 Qc2 38. Re2 Qc1+ 1/2-1/2

[Event "Blankenese op 2nd"]
[Site "Hamburg"]
[Date "2018.09.29"]
[Round "1.33"]
[White "Reuter, Maximilian"]
[Black "Wang, Huanying"]
[Result "1-0"]
[WhiteElo "1852"]
[BlackElo "1305"]
[PlyCount "55"]
[EventDate "2018.09.29"]
[EventType "swiss"]
[EventRounds "7"]
[EventCountry "GER"]
[SourceTitle "EXT 2020"]
[Source "ChessBase"]
[SourceDate "2019.10.17"]
[SourceVersion "1"]
[SourceVersionDate "2019.10.17"]
[SourceQuality "1"]

1. e4 e5 2. Nc3 Nc6 3. g3 h6 4. Bg2 Nge7 5. Nf3 g6 6. d4 Bg7 7. dxe5 Nxe5 8. Nxe5 Bxe5 9. 0-0 0-0 10. Bxh6 Re8 11. f4 Bh8 12. e5 c6 13. Ne4 Qb6+ 14. Kh1 Nd5 15. Nd6 Re6 16. Bxd5 Rxd6 17. Bxf7+ Kxf7 18. Qxd6 Qd8 19. e6+ Kg8 20. f5 Qf6 21. fxg6 Qxg6 22. Qf8+ Kh7 23. Rf7+ Bg7 24. Bxg7 Qe4+ 25. Kg1 Qe3+ 26. Kg2 Qe2+ 27. Rf2 Qxe6 28. Qh8+ 1-0

[Event "Hamburg CC Easter op 4th"]
[Site "Hamburg"]
[Date "2018.03.31"]
[Round "4"]
[White "Reuter, Maximilian"]
[Black "Raedisch, Peter"]
[Result "1-0"]
[WhiteElo "1865"]
[BlackElo "1620"]
[PlyCount "118"]
[EventDate "2018.03.30"]
[EventType "swiss"]
[EventRounds "7"]
[EventCountry "GER"]
[SourceTitle "CBM 183 Extra"]
[Source "ChessBase"]
[SourceDate "2018.04.19"]
[SourceVersion "1"]
[SourceVersionDate "2018.04.19"]
[SourceQuality "1"]

1. e4 e5 2. Nc3 Bc5 3. Nf3 Nc6 4. g3 Nf6 5. Bg2 Ng4 6. 0-0 a6 7. h3 Nf6 8. Nxe5 Nxe5 9. d4 Bxd4 10. Qxd4 d6 11. Be3 h6 12. Rad1 0-0 13. f4 Nc6 14. Qd2 Nh7 15. g4 f6 16. Qd5+ Kh8 17. Qh5 Qe8 18. Qh4 Be6 19. a3 Kg8 20. Nd5 Rc8 21. Kh2 Ne7 22. c4 b5 23. Rfe1 bxc4 24. Bf1 Bxd5 25. exd5 Qb5 26. Bc1 Rce8 27. Rd4 Ng6 28. Qf2 Rxe1 29. Qxe1 Re8 30. Re4 Rxe4 31. Qxe4 Qd7 32. Qxg6 Qb5 33. Qe4 Qb3 34. Bxc4 Qd1 35. Bd3 Nf8 36. Be3 Qa1 37. Kg2 a5 38. Bf2 Qc1 39. b4 Qxa3 40. bxa5 Qxa5 41. h4 Qa8 42. g5 hxg5 43. hxg5 Qd8 44. Qf5 Qe7 45. Be4 Qd7 46. Bh4 Kf7 47. gxf6 Qxf5 48. Bxf5 gxf6 49. Kf3 Ke7 50. Ke4 Kf7 51. Kd4 Ke7 52. Kc4 Nd7 53. Bxd7 Kxd7 54. Bxf6 c6 55. dxc6+ Kxc6 56. Kd4 d5 57. Ke5 Kc5 58. Ke6 d4 59. Bxd4+ Kxd4 1-0

[Event "Hamburg HSK Christmas op 3rd"]
[Site "Hamburg"]
[Date "2017.12.27"]
[Round "1"]
[White "Reuter, Maximilian"]
[Black "Genov, Petar"]
[Result "0-1"]
[WhiteElo "1882"]
[BlackElo "2457"]
[PlyCount "47"]
[EventDate "2017.12.27"]
[EventType "swiss"]
[EventRounds "7"]
[EventCountry "GER"]
[SourceTitle "CBM 182 Extra"]
[Source "ChessBase"]
[SourceDate "2018.02.23"]
[SourceVersion "1"]
[SourceVersionDate "2018.02.23"]
[SourceQuality "1"]

1. d4 Nf6 2. Bf4 b6 3. e3 Bb7 4. c4 e6 5. Nc3 Bb4 6. Rc1 Ne4 7. Nge2 Qh4 8. Bg3 Bxc3+ 9. bxc3 Nxg3 10. Nxg3 0-0 11. f3 f5 12. Bd3 Rf6 13. Qe2 Nc6 14. Kd1 Na5 15. Nf1 Re8 16. Nd2 e5 17. Qe1 Qh5 18. Qf2 e4 19. Be2 exf3 20. Bxf3 Qh6 21. Re1 Qxh2 22. Bxb7 Nxb7 23. Nf3 Qd6 24. Ne5 0-1

[Event "Lueneburg op-A"]
[Site "Lueneburg"]
[Date "2017.07.14"]
[Round "7"]
[White "Reuter, Maximilian"]
[Black "Colbow, Collin"]
[Result "1-0"]
[WhiteElo "1843"]
[BlackElo "1965"]
[PlyCount "95"]
[EventDate "2017.07.08"]
[EventType "swiss"]
[EventRounds "9"]
[EventCountry "GER"]
[SourceTitle "CBM 179 Extra"]
[Source "ChessBase"]
[SourceDate "2017.08.23"]
[SourceVersion "1"]
[SourceVersionDate "2017.08.23"]
[SourceQuality "1"]

1. e4 e5 2. Nf3 Nc6 3. Nc3 Nf6 4. g3 d5 5. exd5 Nxd5 6. Bg2 Nxc3 7. bxc3 Bd6 8. d3 0-0 9. 0-0 Bg4 10. h3 Bh5 11. a4 f5 12. Qd2 Qf6 13. Qg5 Qf7 14. Nh4 f4 15. Be4 Ne7 16. g4 Bg6 17. Nxg6 Nxg6 18. f3 c6 19. Ba3 Bxa3 20. Rxa3 Qe7 21. Qxe7 Nxe7 22. Rb1 b6 23. c4 Rac8 24. c5 bxc5 25. Rb7 Nd5 26. Rab3 Ra8 27. h4 Rfc8 28. g5 Nb4 29. c3 Na6 30. Bf5 Rcb8 31. Be6+ Kh8 32. Bc4 Rxb7 33. Rxb7 Nb8 34. h5 a5 35. Rc7 Na6 36. Bxa6 Rb8 37. Rc8+ Rxc8 38. Bxc8 Kg8 39. Bd7 Kf7 40. Bxc6 Ke6 41. Be4 h6 42. gxh6 gxh6 43. Kh2 Kf6 44. Kh3 Kg5 45. Bg6 Kf6 46. Kg4 Ke6 47. Bf5+ Kf6 48. Bc8 1-0

[Event "Lueneburg op-A"]
[Site "Lueneburg"]
[Date "2017.07.12"]
[Round "5"]
[White "Reuter, Maximilian"]
[Black "Wronn, Bernd"]
[Result "1/2-1/2"]
[WhiteElo "1843"]
[BlackElo "2137"]
[PlyCount "154"]
[EventDate "2017.07.08"]
[EventType "swiss"]
[EventRounds "9"]
[EventCountry "GER"]
[SourceTitle "CBM 179 Extra"]
[Source "ChessBase"]
[SourceDate "2017.08.23"]
[SourceVersion "1"]
[SourceVersionDate "2017.08.23"]
[SourceQuality "1"]

1. e4 c6 2. Nc3 d5 3. Qe2 d4 4. Nd1 e5 5. d3 Bd6 6. g3 c5 7. Bg2 Nc6 8. f4 Nge7 9. Nf3 f6 10. Nf2 Be6 11. 0-0 b5 12. a4 a6 13. Bd2 Rc8 14. axb5 axb5 15. Bh3 Bxh3 16. Nxh3 Qd7 17. f5 0-0 18. g4 g5 19. Nhxg5 fxg5 20. Nxg5 Nd8 21. Qf2 Ng6 22. Nxh7 Qxh7 23. fxg6 Qxg6 24. Qh4 Rc7 25. Ra8 Nf7 26. Rf6 Qh7 27. Qxh7+ Kxh7 28. Rxf8 Bxf8 29. g5 Kg7 30. h4 Rd7 31. h5 Be7 32. h6+ Kf8 33. Rg6 Rd6 34. Rg7 Nh8 35. Kh2 Rg6 36. Rxg6 Nxg6 37. Kg3 Kf7 38. Kg4 Bd6 39. b3 Ne7 40. Kh5 Bc7 41. Be1 Ng6 42. Bd2 Bd8 43. Kg4 Be7 44. Bc1 Nh8 45. Kf5 Bd6 46. Bd2 Ng6 47. Kg4 b4 48. Bc1 Nf4 49. Kf5 Ng6 50. Kg4 Ne7 51. Kh5 Bc7 52. Bd2 Bd8 53. Bc1 Ng6 54. Kg4 Bc7 55. Kh5 Bd6 56. Bd2 Be7 57. Kg4 Nf8 58. Kf5 Bd6 59. Bc1 Ng6 60. Kg4 Nf4 61. Kf5 Ng6 62. Kg4 Ke6 63. Bd2 Bf8 64. Bc1 Ne7 65. Kh5 Kf7 66. Bd2 Ng6 67. Kg4 Ke6 68. Bc1 Be7 69. Bd2 Bd6 70. Bc1 Nf4 71. Bxf4 exf4 72. g6 Kf6 73. g7 Kf7 74. Kf3 Kg8 75. Kg4 Kh7 76. Kf3 Be5 77. Kg4 Kg8 1/2-1/2

[Event "Lueneburg op-A"]
[Site "Lueneburg"]
[Date "2017.07.10"]
[Round "3"]
[White "Reuter, Maximilian"]
[Black "Grote, Dirk"]
[Result "0-1"]
[WhiteElo "1843"]
[BlackElo "2115"]
[PlyCount "68"]
[EventDate "2017.07.08"]
[EventType "swiss"]
[EventRounds "9"]
[EventCountry "GER"]
[SourceTitle "CBM 179 Extra"]
[Source "ChessBase"]
[SourceDate "2017.08.23"]
[SourceVersion "1"]
[SourceVersionDate "2017.08.23"]
[SourceQuality "1"]

1. d4 d5 2. Bf4 Nf6 3. e3 e6 4. Nf3 Be7 5. Ne5 a6 6. Nd2 c5 7. c3 Nc6 8. Ndf3 0-0 9. Bd3 Bd7 10. h4 b5 11. Qb1 b4 12. Ng5 g6 13. Nxg6 hxg6 14. Bxg6 Kg7 15. h5 Ne4 16. Nxe4 dxe4 17. Qxe4 f5 18. Qf3 Bg5 19. Bd6 Be7 20. Bf4 Bg5 21. Bd6 Be7 22. Qg3 Bxd6 23. Qxd6 Qe7 24. Qg3 Kh8 25. Rd1 bxc3 26. Qf4 c2 27. Rc1 cxd4 28. Rxc2 e5 29. Qh6+ Kg8 30. Rxc6 Bxc6 31. Bxf5 Rf6 32. Bh7+ Qxh7 33. Qxf6 Qb1+ 34. Ke2 d3+ 0-1

[Event "Lueneburg VMCG op B"]
[Site "Lueneburg"]
[Date "2016.07.06"]
[Round "5"]
[White "Reuter, Maximilian"]
[Black "Kolhoff, Manfred"]
[Result "1-0"]
[WhiteElo "1795"]
[BlackElo "1564"]
[PlyCount "49"]
[EventDate "2016.07.01"]
[EventType "swiss"]
[EventRounds "7"]
[EventCountry "GER"]
[SourceTitle "EXT 2024"]
[Source "ChessBase"]
[SourceDate "2023.10.10"]
[SourceVersion "1"]
[SourceVersionDate "2023.10.10"]
[SourceQuality "1"]

1. e4 e6 2. d4 d5 3. Nd2 c5 4. Ngf3 Nc6 5. exd5 exd5 6. Bb5 Nf6 7. 0-0 Qb6 8. Qe2+ Be6 9. Ng5 Kd7 10. Ndf3 Bd6 11. dxc5 Qxc5 12. Be3 Qb4 13. c4 dxc4 14. Bxc6+ bxc6 15. Nxe6 fxe6 16. Rfd1 Nd5 17. Bd4 Rhg8 18. Ng5 Rae8 19. Qh5 Be7 20. Qf7 Qd6 21. Ne4 Qf4 22. Nc5+ Kc8 23. Qxe6+ Kc7 24. Be5+ Bd6 25. Qxd6+ 1-0

[Event "Lueneburg VMCG op B"]
[Site "Lueneburg"]
[Date "2016.07.01"]
[Round "1"]
[White "Reuter, Maximilian"]
[Black "Reuter, Elisa"]
[Result "1-0"]
[WhiteElo "1795"]
[BlackElo "1603"]
[PlyCount "43"]
[EventDate "2016.07.01"]
[EventType "swiss"]
[EventRounds "7"]
[EventCountry "GER"]
[SourceTitle "EXT 2024"]
[Source "ChessBase"]
[SourceDate "2023.10.10"]
[SourceVersion "1"]
[SourceVersionDate "2023.10.10"]
[SourceQuality "1"]

1. e4 c5 2. Nc3 Nc6 3. f4 g6 4. Nf3 Bg7 5. a3 e6 6. b4 cxb4 7. axb4 Nxb4 8. Ba3 Nc6 9. Nb5 Nge7 10. Nd6+ Kf8 11. Ng5 Qc7 12. Ngxf7 Rg8 13. e5 Nd4 14. Bd3 b6 15. c3 Ndf5 16. Bxf5 exf5 17. Ng5 Rh8 18. Qb3 Nd5 19. Qxd5 Ke7 20. Qf7+ Kd8 21. Qe8+ Rxe8 22. Ndf7# 1-0

[Event "Lueneburg op-B"]
[Site "Lueneburg"]
[Date "2015.08.23"]
[Round "9"]
[White "Von Estorff, Jacob"]
[Black "Reuter, Maximilian"]
[Result "1-0"]
[WhiteElo "1780"]
[BlackElo "1764"]
[PlyCount "51"]
[EventDate "2015.08.15"]
[EventType "swiss"]
[EventRounds "9"]
[EventCountry "GER"]
[SourceTitle "EXT 2016"]
[Source "ChessBase"]
[SourceDate "2015.10.08"]
[SourceVersion "1"]
[SourceVersionDate "2015.10.08"]
[SourceQuality "1"]

1. e4 b6 2. d4 Bb7 3. Nc3 e6 4. Bd3 Bb4 5. Bd2 Nf6 6. Nge2 0-0 7. 0-0 c5 8. e5 cxd4 9. exf6 dxc3 10. fxg7 Kxg7 11. Nxc3 Qh4 12. g3 Qh3 13. Be4 Bxe4 14. Nxe4 Bxd2 15. Qxd2 d5 16. Qg5+ Kh8 17. Qe5+ f6 18. Nxf6 Nc6 19. Qc3 Rfc8 20. Nxd5+ e5 21. Qe3 Qe6 22. Qe4 Nd4 23. c3 Rc4 24. cxd4 Rxd4 25. Nc7 Qe7 26. Qxa8+ 1-0